[Event "Omsk Half CC op"]
[Site "Omsk"]
[Date "2009.??.??"]
[Round "9"]
[White "Sadovnichuk, Sergey"]
[Black "Zikunova, Valeria"]
[Result "1-0"]
[WhiteElo "2214"]
[BlackElo "2042"]
[PlyCount "55"]
[EventDate "2009.??.??"]
[EventType "swiss"]
[EventRounds "9"]
[EventCountry "RUS"]
[SourceTitle "EXT 2011"]
[Source "ChessBase"]
[SourceDate "2010.11.26"]
[SourceVersion "1"]
[SourceVersionDate "2010.11.26"]
[SourceQuality "1"]

1. d4 d5 2. c4 e6 3. Nf3 Nf6 4. g3 Nbd7 5. Bg2 c5 6. 0-0 b6 7. Nc3 Bb7 8. Qa4 Be7 9. cxd5 exd5 10. Ne5 cxd4 11. Nxd7 Qxd7 12. Qxd4 0-0 13. Bg5 Bc5 14. Qh4 Ng4 15. Rad1 Qf5 16. Bf3 Ne5 17. Bxd5 Bxd5 18. Rxd5 f6 19. Bc1 g5 20. Qe4 Qh3 21. Bxg5 Rae8 22. Bxf6 Rxf6 23. Rxe5 Rxe5 24. Qxe5 Rg6 25. Rd1 Kf7 26. Qd5+ Re6 27. Ne4 Bxf2+ 28. Nxf2 1-0

[Event "Omsk-ch sf"]
[Site "Omsk"]
[Date "2006.12.24"]
[Round "8"]
[White "Savostjanov, Igor"]
[Black "Sadovnichuk, Sergey"]
[Result "0-1"]
[WhiteElo "2005"]
[BlackElo "2189"]
[PlyCount "66"]
[EventDate "2006.11.15"]
[EventType "swiss"]
[EventRounds "9"]
[EventCountry "RUS"]
[SourceTitle "EXT 2019"]
[Source "ChessBase"]
[SourceDate "2018.10.10"]
[SourceVersion "1"]
[SourceVersionDate "2018.10.10"]
[SourceQuality "1"]

1. d4 Nf6 2. Nc3 d5 3. Bg5 Bf5 4. e3 Nbd7 5. Nf3 e6 6. Bd3 Bg4 7. h3 Bh5 8. e4 dxe4 9. Nxe4 Be7 10. Bxf6 Nxf6 11. c3 0-0 12. Qc2 Bxf3 13. gxf3 g6 14. 0-0-0 Nd5 15. Rdg1 f5 16. Ng3 c5 17. dxc5 Bxc5 18. h4 Rc8 19. h5 Bd4 20. hxg6 Bxc3 21. gxh7+ Kh8 22. bxc3 Rxc3 23. Nxf5 Rxc2+ 24. Bxc2 exf5 25. Rg6 Qc7 26. Rhg1 Rc8 27. Rg8+ Kxh7 28. Rxc8 Qxc8 29. Rg5 Qc4 30. Rxf5 Kg7 31. Rg5+ Kf6 32. Rg4 Qf1+ 33. Bd1 Qxf2 0-1

[Event "Omsk-ch sf"]
[Site "Omsk"]
[Date "2006.12.03"]
[Round "5"]
[White "Karabut, Vladimir"]
[Black "Sadovnichuk, Sergey"]
[Result "1-0"]
[WhiteElo "2067"]
[BlackElo "2189"]
[PlyCount "79"]
[EventDate "2006.11.15"]
[EventType "swiss"]
[EventRounds "9"]
[EventCountry "RUS"]
[SourceTitle "EXT 2019"]
[Source "ChessBase"]
[SourceDate "2018.10.10"]
[SourceVersion "1"]
[SourceVersionDate "2018.10.10"]
[SourceQuality "1"]

1. d4 Nf6 2. c4 e6 3. Nc3 Bb4 4. e3 c5 5. Nge2 0-0 6. a3 Bxc3+ 7. Nxc3 d6 8. Be2 Nc6 9. 0-0 h6 10. b3 e5 11. dxc5 dxc5 12. Qc2 Ne7 13. Rd1 Qb6 14. Bb2 Bf5 15. Bd3 Bg4 16. Rd2 Rac8 17. h3 Bh5 18. Nb5 Qe6 19. Nxa7 Rcd8 20. Nb5 Rd7 21. Nc3 Rfd8 22. e4 Ng6 23. Nd5 Nf4 24. Qc3 Nxd3 25. Qxd3 Bg6 26. f3 Nh5 27. Qc3 f6 28. Rad1 Kh8 29. Qa5 b6 30. Qc3 Bf7 31. a4 g5 32. a5 Nf4 33. axb6 Nxd5 34. Rxd5 Rxd5 35. Rxd5 Qxb6 36. Rxd8+ Qxd8 37. Ba3 Qd4+ 38. Qxd4 cxd4 39. Kf2 Kg7 40. Ke2 1-0

[Event "Omsk-ch sf"]
[Site "Omsk"]
[Date "2006.11.19"]
[Round "2"]
[White "Breit, Nikolai"]
[Black "Sadovnichuk, Sergey"]
[Result "0-1"]
[WhiteElo "2019"]
[BlackElo "2189"]
[PlyCount "84"]
[EventDate "2006.11.15"]
[EventType "swiss"]
[EventRounds "9"]
[EventCountry "RUS"]
[SourceTitle "EXT 2019"]
[Source "ChessBase"]
[SourceDate "2018.10.10"]
[SourceVersion "1"]
[SourceVersionDate "2018.10.10"]
[SourceQuality "1"]

1. c4 e5 2. Nc3 Nc6 3. g3 d6 4. Bg2 Be6 5. d3 Be7 6. e3 h5 7. Nd5 h4 8. Nxe7 Ngxe7 9. Ne2 Qd7 10. Nc3 d5 11. b3 0-0-0 12. e4 dxc4 13. dxc4 Qxd1+ 14. Nxd1 h3 15. Bf1 Bg4 16. Ba3 Bf3 17. Rg1 Bxe4 18. Bxe7 Nxe7 19. Nc3 Bf3 20. Be2 Bxe2 21. Kxe2 Nc6 22. f3 Nd4+ 23. Kf2 Nxf3 24. Kxf3 Rd3+ 25. Ke4 Rxc3 26. Kxe5 Rc2 27. Kf4 Rxh2 28. Rh1 Rf2+ 29. Ke3 Rf6 30. Raf1 Rxf1 31. Rxf1 h2 32. Rh1 Kd7 33. Kf3 Ke6 34. Kg2 Kf5 35. Rf1+ Kg5 36. Kh1 f5 37. Rf4 c5 38. Rf2 g6 39. Rd2 Kg4 40. a3 g5 41. b4 cxb4 42. axb4 Kxg3 0-1

[Event "Omsk-ch sf"]
[Site "Omsk"]
[Date "2006.11.15"]
[Round "1"]
[White "Sadovnichuk, Sergey"]
[Black "Kolobova, Darja"]
[Result "1-0"]
[WhiteElo "2189"]
[BlackElo "1966"]
[PlyCount "75"]
[EventDate "2006.11.15"]
[EventType "swiss"]
[EventRounds "9"]
[EventCountry "RUS"]
[SourceTitle "EXT 2019"]
[Source "ChessBase"]
[SourceDate "2018.10.10"]
[SourceVersion "1"]
[SourceVersionDate "2018.10.10"]
[SourceQuality "1"]

1. e4 d6 2. d4 Nf6 3. Nc3 g6 4. Nf3 Bg7 5. Be2 0-0 6. 0-0 Nc6 7. h3 e5 8. Be3 h6 9. Qd2 Kh7 10. Rad1 exd4 11. Nxd4 a6 12. f4 Qe8 13. Bf3 Nxd4 14. Bxd4 Rb8 15. Ba7 Ra8 16. Bd4 Rb8 17. Rfe1 Qd8 18. Ba7 Ra8 19. Bf2 Be6 20. Qd3 Qc8 21. Ne2 Nd7 22. Bd4 Nc5 23. Bxc5 dxc5 24. e5 Rd8 25. Qe3 Bf8 26. Nc3 c4 27. Be4 Rxd1 28. Rxd1 b6 29. Qf3 Bc5+ 30. Kh2 Rb8 31. g4 Qf8 32. f5 Bc8 33. Nd5 c6 34. fxg6+ fxg6 35. Qxf8 Bxf8 36. Nf6+ Kg7 37. Nd7 Bxd7 38. Rxd7+ 1-0